| 000 | 01085cam a22002295a 4500 | ||
|---|---|---|---|
| 001 | L138118 | ||
| 008 | 070517s2007 xxk f 000 0 eng d | ||
| 035 | _a(Sirsi) u138118 | ||
| 041 | 0 | _aeng | |
| 110 | 2 |
_aKingsley Lipsey Morgan _94254 |
|
| 245 | 0 | 0 |
_aUK occupier satisfaction index 2007 _h[electronic resource] |
| 260 | _c2007 | ||
| 490 | 0 |
_aUK Occupier Satisfaction Index _v2007 |
|
| 520 | _aDiscusses occupiers' perceptions of the service provided by property owners, property developers, property/facilities managers and by professional advisors and leasing agents, highlighting challenges for the property industry. Discusses costs, business change, corporate responsibility, competitiveness, lease terms, transparency and value for money. | ||
| 590 | _aKA | ||
| 650 | 2 | 4 | _aOCCUPIE$ SATISFACTION |
| 651 | 4 |
_aUnited Kingdom _y |
|
| 690 | _aPROPERTY-COMMERCIAL PROPERTY-COMMERCIAL LANDLORD AND TENANT | ||
| 710 | 1 |
_aIPD Occupiers _95090 |
|
| 856 | 4 | 0 |
_uhttps://www.occupier-satisfaction.co.uk/ _zView the item free of charge at www.occupier-satisfaction.co.uk |
| 942 | _n0 | ||
| 999 |
_c107008 _d107008 |
||